00753nam a22002057a 4500008004100000020001500041040001800056041000800074100003500082245006000117260006800177300002100245504005300266650001000319650001600329650001700345650001300362856007800375856009400453130821s2006 enk gr eng  a0195188624 aCo-BoUCMbspa00aeng1 aIrvine, William Braxtond1952-10aOn desire why we want what we wantcWilliam B. Irvine. aOxford (Oxfordshire, Inglaterra)bOxford University Pressc2006 ax, 322 páginas aIncluye referencias bibliográficas e índice.04aDeseo04aFilosofía04aPsicología04aVoluntad413Tabla de contenidouhttp://www.loc.gov/catdir/toc/ecip059/2005005938.html423Descripción publicadoruhttp://www.loc.gov/catdir/enhancements/fy0637/2005005938-d.html